Countries With Enclaves - Statistics

General Stats
  • This quiz has been taken 29 times
    10 since last reset
  • The average score is 9 of 26
Answer Stats
Amount Of Enclaves Country % Correct
1 Russia
100%
6 Germany
70%
1 Italy
70%
1 Netherlands
70%
1 Bangladesh
50%
1 Belgium
50%
1 Spain
50%
1 Armenia
40%
1 Austria
40%
4 Azerbaijan
40%
1 United Arab Emirates
40%
1 Kyrgyzstan
30%
3 Tajikistan
30%
4 Uzbekistan
30%
3 Argentina
20%
1 Australia
20%
1 Bosnia and Herzegovina
20%
1 Croatia
20%
4 Cyprus
20%
1 Indonesia
20%
1 Oman
20%
2 Colombia
10%
1 East Timor
10%
1 Uruguay
10%
2 Malawi
0%
1 Nicaragua
0%
No matching quizzes found
Score Distribution
Percent of People with Each Score
Percentile by Number Answered
Your Score History
You have not taken this quiz since the last reset